Statistics for Neighbouring Countries with smallest combined area

Click here to take the quiz!

General Stats

  • This quiz has been taken 113 times
  • The average score is 32 of 34

Answer Stats

Country% Correct
Kosovo
98%
Bosnia and Herzegovina
98%
Serbia
98%
Slovenia
98%
Montenegro
98%
Albania
97%
Croatia
97%
North Macedonia
97%
Belgium
96%
Luxembourg
95%
Netherlands
95%
Liechtenstein
94%
Switzerland
93%
Austria
92%
Dominican Republic
90%
Haiti
90%
Israel
89%
Lebanon
89%
Rwanda
89%
Burundi
88%
Armenia
74%
Georgia
74%

Score Distribution

Percentile by Number Answered

Percent of People with Each Score

Your Score History

You have not taken this quiz